| 000 | 00875nam a2200193 4500 | ||
|---|---|---|---|
| 001 | 22826 | ||
| 005 | 20230411085821.0 | ||
| 008 | 060907n2001 dr spa | ||
| 020 | _a8434567989 (O.c) | ||
| 035 | _9funglode22991 | ||
| 041 | _aES | ||
| 050 | 1 | 4 | _aR G 116 G345 2001 |
| 245 | 0 |
_aGeografía universal Salvat / _cdirección Luciano Boschetti, Oriol Soler |
|
| 260 |
_aBarcelona : _bSalvat Editores, _c2001 |
||
| 300 | _a16 v. | ||
| 505 | _av.1: La Tierra. Europa. -- v.2: Europa. -- v.3: Europa. -- v.4: Europa - Asia. -- v.5: Asia. -- v.6 Asia - Oriente Medio - Artico. -- v.7 América. -- v.8 América. -- v.9 América - Antártida. -- v.10 Africa. -- v.11 Africa. -- v.12: Africa - Oceanía. -- v.13: España I. -- v.14: España II. -- v.15: España III. -- v.16: Atlas Universal | ||
| 700 | _aBoschetti, Luciano \ Soler, Oriol | ||
| 942 |
_2lcc _cbk |
||
| 999 |
_c107789 _d107789 |
||